Le Maroc (Record no. 120199)

MARC details
000 -LEADER
campo de control de longitud fija 00474nam a2200157 4500
001 - NÚMERO DE CONTROL
campo de control 120199
003 - IDENTIFICADOR DE NÚMERO DE CONTROL
campo de control ES-MaACL
007 - CAMPO FIJO DE DESCRIPCIÓN FÍSICA--INFORMACIÓN GENERAL
campo de control de longitud fija t|
008 - DATOS DE LONGITUD FIJA--INFORMACIÓN GENERAL
campo de control de longitud fija 070214s1917 fr r ||||1| fre d
100 1# - ENTRADA PRINCIPAL--NOMBRE DE PERSONA
Nombre de persona Piquet, Victor.
9 (RLIN) 92335
245 13 - MENCIÓN DEL TÍTULO
Título Le Maroc
Resto del título : géographie, historie, mise en valeur /
Mención de responsabilidad, etc. Victor Piquet.
260 ## - PUBLICACIÓN, DISTRIBUCIÓN, ETC.
Lugar de publicación, distribución, etc. Paris :
Nombre del editor, distribuidor, etc. [s. n.],
Fecha de publicación, distribución, etc. 1917 (
Lugar de fabricación/manufactura Colommiers :
Fabricante Paul Brodard)
300 ## - DESCRIPCIÓN FÍSICA
Extensión XII, 464 p. ;
Dimensiones 20 cm.
500 ## - NOTA GENERAL
Nota general Falta el primer mapa.
852 ## - LOCALIZACIÓN
Ubicación ES-MaACL
Número de control de estantería B-2100
Holdings
Estatus retirado Estado de pérdida Estado de daño No para préstamo Biblioteca de origen Biblioteca actual Ubicación en estantería Fecha de adquisición Fuente de adquisición Total de préstamos Signatura topográfica completa Código de barras Visto por última vez Precio de reemplazo Tipo de ítem Koha
        Biblioteca del Ateneo de Madrid Biblioteca del Ateneo de Madrid Sala Pardo Bazán 17/01/2008     B-2100 1125288 23/02/2023 23/02/2023 Libro impreso